<?xml version="1.0" encoding="UTF-8"?>
<marc:record xmlns:marc="http://www.loc.gov/MARC21/slim">
   <marc:leader>00000nam a2200000 a 4500</marc:leader>
   <marc:datafield ind1="1" ind2=" " tag="100">
      <marc:subfield code="a">Schreiber Pekin, Yasemin</marc:subfield>
      <marc:subfield code="4">aut</marc:subfield>
      <marc:subfield code="e">Verfasser/-in</marc:subfield>
   </marc:datafield>
   <marc:datafield ind1="0" ind2="0" tag="245">
      <marc:subfield code="a">Die Truhe der Schamanin</marc:subfield>
   </marc:datafield>
   <marc:datafield ind1="0" ind2="0" tag="245">
      <marc:subfield code="b">Historischer Roman</marc:subfield>
   </marc:datafield>
   <marc:datafield ind1="0" ind2="0" tag="245">
      <marc:subfield code="c">Yasemin Schreiber Pekin</marc:subfield>
   </marc:datafield>
   <marc:datafield ind1=" " ind2="1" tag="264">
      <marc:subfield code="a">Hamburg</marc:subfield>
      <marc:subfield code="b">Books on Demand GmbH</marc:subfield>
      <marc:subfield code="c">2025</marc:subfield>
   </marc:datafield>
   <marc:datafield ind1="1" ind2=" " tag="490">
      <marc:subfield code="a">¬Die¬ Hexe, der Mönch und der Spion</marc:subfield>
      <marc:subfield code="v">1</marc:subfield>
   </marc:datafield>
   <marc:datafield ind1="1" ind2=" " tag="520">
      <marc:subfield code="a">Im Jahr der Schlange 1209 wächst das Reich Dschingis Khans unaufhaltsam. Zur Hochzeit seiner Tochter mit dem Fürsten der Uiguren strömen Stämme, Händler, Pilger, Krieger und Gesandte aus allen Richtungen entlang der Seidenstraße nach Karakorum. In dieser Zeit flieht Rana, eine temperamentvolle Heilerin, Schamanin - und bei Bedarf auch Hexe - mit ihrer schwangeren Tochter Ak-Su vor einer rachsüchtigen Fürstin in die Wüste Gobi. In einer abgelegenen Höhle bringt Ak-Su ihre Tochter Su zur Welt. Doch der Frieden währt nicht lange: Der plündernde Mongole Khünbish entdeckt Ranas Wagen und raubt ihre Truhe - ein wertvolles Erbstück voller ritueller Gegenstände und geheimer Manuskripte.</marc:subfield>
   </marc:datafield>
   <marc:datafield ind1=" " ind2=" " tag="020">
      <marc:subfield code="a">9783819299940</marc:subfield>
      <marc:subfield code="9">9783819299940</marc:subfield>
   </marc:datafield>
   <marc:datafield ind1=" " ind2=" " tag="020">
      <marc:subfield code="a">3819299947</marc:subfield>
      <marc:subfield code="9">3819299947</marc:subfield>
   </marc:datafield>
   <marc:datafield ind1=" " ind2=" " tag="300">
      <marc:subfield code="a">301 S.</marc:subfield>
   </marc:datafield>
</marc:record>
